000 00304nam a2200121Ia 4500
008 220216s9999 xx 000 0 und d
100 _aSchidrowitz P
245 0 _aIndustrial application of rubber latex
260 _bIRI Transactions
_c1928
300 _a362-368
650 _aRubber latex
942 _cJS
999 _c61155
_d61155